| 000 | 01440cam a2200253 i 4500 | ||
|---|---|---|---|
| 001 | 4603849 | ||
| 005 | 19910606094823.7 | ||
| 008 | 761019s1976 enk b 001 0 eng | ||
| 010 | _a 76376862 | ||
| 015 | _aGB76-20346 | ||
| 020 |
_a0334018072 : _c£4.95 |
||
| 040 |
_aDLC _cDLC _dDLC |
||
| 050 | 0 | 0 |
_aBT80 _b.W55 1976 |
| 100 | 1 | _aWiles, Maurice F. | |
| 245 | 1 | 0 |
_aWorking papers in doctrine _c[by] Maurice Wiles. |
| 260 |
_aLondon : _bS.C.M. Press, _c1976. |
||
| 300 |
_aix, 213 p. ; _c23 cm. |
||
| 504 | _aIncludes bibliographical references and index. | ||
| 505 | 0 | _aSome reflections on the origins of the doctrine of the Trinity.--Eternal generation.--In defence of Arius.--The doctrine of Christ in the patristic age.--The nature of the early debate about Christ's human soul.--The theological legacy of St. Cyprian.--One baptism for the remission of sins.--The consequences of modern understanding of reality for the relevance and authority of the tradition of the early Church in our time.--The unassumed is the unhealed.--Does Christology rest on a mistake?--Religious authority and divine action.--Jerusalem, Athens, and Oxford.--The criteria of Christian theology. | |
| 650 | 0 | _aTheology, Doctrinal. | |
| 906 |
_a7 _bcbc _corignew _d3 _encip _f19 _gy-gencatlg |
||
| 942 |
_2lcc _cBK |
||
| 999 |
_c11011 _d11011 |
||